Multiples of 2 Quiz Stats

 Plays Quiz not verified by Sporcle

Challenge
Share
Tweet
Embed
Score 0/50 Timer 00:30
0 Plays Today
Sum Answer % Correct
2x12
100%
2x24
98%
2x36
93.9%
2x48
93.9%
2x510
93.9%
2x612
93.9%
2x714
93.9%
2x816
89.8%
2x918
89.8%
2x1020
89.8%
2x1122
87.8%
2x1224
81.6%
2x1326
75.5%
2x1428
73.5%
2x1530
73.5%
2x1632
71.4%
2x1734
71.4%
2x1836
67.3%
2x1938
67.3%
2x2040
67.3%
2x2142
65.3%
2x2244
65.3%
2x2346
65.3%
2x2448
65.3%
2x2550
65.3%
Sum Answer % Correct
2x2652
63.3%
2x2754
59.2%
2x2856
59.2%
2x2958
57.1%
2x3060
57.1%
2x3162
57.1%
2x3264
57.1%
2x3366
53.1%
2x3468
53.1%
2x3570
49%
2x3672
46.9%
2x3774
46.9%
2x3876
44.9%
2x3978
42.9%
2x4080
40.8%
2x4182
40.8%
2x4284
38.8%
2x4386
36.7%
2x4488
24.5%
2x4590
22.4%
2x4692
20.4%
2x4794
20.4%
2x4896
20.4%
2x4998
18.4%
2x50100
18.4%

You're not logged in!

Compare scores with friends on all Sporcle quizzes.
OR
Log In

You Might Also Like...

Show Comments

Extras

Created Nov 6, 2013ReportNominate
Tags:multiple, sum

Top Quizzes Today


Score Distribution

Your Account Isn't Verified!

In order to create a playlist on Sporcle, you need to verify the email address you used during registration. Go to your Sporcle Settings to finish the process.

Report this User

Report this user for behavior that violates our Community Guidelines.

Details: